[Event "Vilnius op-A"]
[Site "Vilnius"]
[Date "2025.07.10"]
[Round "6"]
[White "Posaskov, Nikita"]
[Black "Zurba, Jonas"]
[Result "1-0"]
[WhiteElo "2071"]
[BlackElo "1750"]
[PlyCount "97"]
[EventDate "2025.07.07"]
[EventType "swiss"]
[EventRounds "9"]
[EventCountry "LTU"]
[SourceTitle "CB29_2025"]
[SourceDate "2025.07.16"]
[SourceVersion "1"]
[SourceVersionDate "2025.07.16"]
[SourceQuality "1"]

1. e4 e6 2. d4 d5 3. Nc3 Nf6 4. Bg5 Be7 5. e5 Nfd7 6. h4 a6 7. Bxe7 Qxe7 8. Qg4 f6 9. exf6 Nxf6 10. Qg3 b5 11. a3 c5 12. dxc5 d4 13. Nce2 e5 14. f4 exf4 15. Qxf4 0-0 16. Qd6 Qxd6 17. cxd6 Ne4 18. Nf3 d3 19. cxd3 Nxd6 20. Ned4 Nf5 21. Be2 Nd7 22. Nxf5 Rxf5 23. 0-0 Bb7 24. Rac1 Re8 25. Bd1 Bd5 26. Rc7 Nf6 27. Nd4 Rxf1+ 28. Kxf1 Bf7 29. Nf5 Rd8 30. Be2 Kf8 31. g3 Bg6 32. Nxg7 Rd6 33. Ra7 Nd5 34. Nh5 Bxh5 35. Bxh5 b4 36. a4 h6 37. Bf3 Ne3+ 38. Ke2 Nf5 39. Kf2 Rg6 40. Rb7 a5 41. Be4 Rf6 42. Ra7 Nd4+ 43. Kg2 Nb3 44. Rc7 Rd6 45. Kf2 Rf6+ 46. Ke3 Rf1 47. Bd5 Nc1 48. Kd2 Rf5 49. Rf7+ 1-0

[Event "Wch U18"]
[Site "Montesilvano"]
[Date "2023.11.15"]
[Round "3"]
[White "Posaskov, Nikita"]
[Black "Talibov, Shiroghlan"]
[Result "0-1"]
[WhiteElo "2169"]
[BlackElo "2362"]
[PlyCount "130"]
[EventDate "2023.11.13"]
[EventType "swiss"]
[EventRounds "11"]
[EventCountry "ITA"]
[SourceTitle "EXT 2025"]
[Source "ChessBase"]
[SourceDate "2024.10.14"]
[SourceVersion "1"]
[SourceVersionDate "2024.10.14"]
[SourceQuality "1"]

1. d4 Nf6 2. c4 e6 3. Nf3 d5 4. Nc3 c6 5. e3 Nbd7 6. Bd3 dxc4 7. Bxc4 b5 8. Bd3 Bb7 9. 0-0 a6 10. e4 c5 11. d5 c4 12. Bc2 Qb6 13. dxe6 fxe6 14. Be3 Bc5 15. Bxc5 Qxc5 16. Qe2 0-0 17. Rad1 Rad8 18. Nd4 Rfe8 19. h3 Nf8 20. Qe3 e5 21. Nf5 Qxe3 22. Nxe3 Ne6 23. a4 Nd4 24. Bb1 Bc6 25. axb5 axb5 26. f3 Re7 27. Kf2 Ra7 28. Nc2 Rad7 29. Nb4 Bb7 30. Rd2 g5 31. Rfd1 Kf7 32. Nc2 Bc6 33. Nb4 Bb7 34. Nc2 Nxc2 35. Rxd7+ Rxd7 36. Bxc2 Bc6 37. Rxd7+ Bxd7 38. Nd1 Ke7 39. b3 Kd6 40. b4 Ne8 41. Ke3 Nc7 42. Nc3 Ne6 43. Kf2 h5 44. Bd1 Nf4 45. Be2 Kc6 46. Bf1 Ne6 47. Be2 Nd4 48. Bd1 Be6 49. Ke3 Kb6 50. Kd2 Nc6 51. Na2 c3+ 52. Nxc3 Nxb4 53. Be2 Bd7 54. f4 exf4 55. Bxh5 Kc5 56. h4 gxh4 57. Ne2 Nc6 58. Nxf4 Kd4 59. Bf7 Kxe4 60. Ne2 Nd4 61. Ng1 Bf5 62. Bh5 b4 63. Bd1 Kf4 64. Be2 Kg3 65. Bf3 Kf2 0-1

[Event "Riga Tech op-A"]
[Site "Riga"]
[Date "2023.08.07"]
[Round "1"]
[White "Gharibyan, Mamikon"]
[Black "Posaskov, Nikita"]
[Result "1-0"]
[WhiteElo "2494"]
[BlackElo "2055"]
[PlyCount "129"]
[EventDate "2023.08.07"]
[EventType "swiss"]
[EventRounds "9"]
[EventCountry "LAT"]
[SourceTitle "CBM 215 Extra"]
[Source "ChessBase"]
[SourceDate "2023.09.30"]
[SourceVersion "1"]
[SourceVersionDate "2023.09.30"]
[SourceQuality "1"]

1. d4 Nf6 2. c4 e6 3. Nf3 d5 4. Nc3 Be7 5. Bg5 0-0 6. e3 c6 7. Bd3 Nbd7 8. 0-0 h6 9. Bf4 dxc4 10. Bxc4 b5 11. Bd3 Bb7 12. Rc1 Rc8 13. Ne5 b4 14. Nxd7 Qxd7 15. Na4 c5 16. Nxc5 Bxc5 17. Rxc5 Rxc5 18. dxc5 Qc6 19. Qf3 Qc8 20. c6 Bxc6 21. Qe2 Rd8 22. f3 Nd5 23. Bg3 Qd7 24. Rc1 Nb6 25. Rd1 Qe7 26. Qc2 Rc8 27. Qd2 Kh8 28. Bf1 Bd5 29. b3 Qc5 30. Bf2 Qc3 31. e4 Bb7 32. Qxc3 Rxc3 33. Bxb6 axb6 34. Rd7 Bc6 35. Rxf7 Rc1 36. Kf2 Rc2+ 37. Kg3 b5 38. Rc7 Rc3 39. Re7 Bxe4 40. Bxb5 Bb1 41. Ra7 e5 42. Ra4 e4 43. Rxb4 exf3 44. a4 fxg2+ 45. Kxg2 Rc2+ 46. Kg3 Ra2 47. h4 g6 48. Kf4 Kg7 49. Ke5 g5 50. hxg5 hxg5 51. Bc6 Bc2 52. Bd5 Bd1 53. Rd4 Ra1 54. Kd6 g4 55. Kc5 Kg6 56. Rf4 Kg5 57. Rf1 Kh4 58. b4 g3 59. a5 Kh3 60. Rh1+ Kg4 61. Kb6 Kf4 62. Re1 Rb1 63. b5 Bc2 64. Rxb1 Bxb1 65. a6 1-0

[Event "Riga Tech Rapid op"]
[Site "Riga"]
[Date "2023.08.06"]
[Round "2"]
[White "Posaskov, Nikita"]
[Black "Shirov, Alexei"]
[Result "0-1"]
[WhiteElo "2055"]
[BlackElo "2668"]
[PlyCount "38"]
[EventDate "2023.08.06"]
[EventType "swiss (rapid)"]
[EventRounds "9"]
[EventCountry "LAT"]
[SourceTitle "CBM 215 Extra"]
[Source "ChessBase"]
[SourceDate "2023.09.30"]
[SourceVersion "1"]
[SourceVersionDate "2023.09.30"]
[SourceQuality "1"]

1. d4 d5 2. c4 c6 3. Nf3 Nf6 4. e3 Bf5 5. Nh4 Bxb1 6. Rxb1 e5 7. dxe5 Bb4+ 8. Ke2 Ne4 9. Nf3 0-0 10. Nd2 Qh4 11. Nxe4 dxe4 12. Qc2 Nd7 13. a3 Nxe5 14. axb4 Nd3 15. Kd2 Nxb4 16. Qb3 Qxf2+ 17. Be2 Rfd8+ 18. Kc3 c5 19. Bf1 Qf6# 0-1

[Event "LTU-ch Rapid"]
[Site "Taujenai"]
[Date "2022.12.04"]
[Round "9"]
[White "Posaskov, Nikita"]
[Black "Morkunas, Gustas"]
[Result "1/2-1/2"]
[WhiteElo "1919"]
[BlackElo "2101"]
[PlyCount "43"]
[EventDate "2022.12.03"]
[EventType "swiss (rapid)"]
[EventRounds "10"]
[EventCountry "LTU"]
[SourceTitle "CBM 211 Extra"]
[Source "ChessBase"]
[SourceDate "2023.01.31"]
[SourceVersion "1"]
[SourceVersionDate "2023.01.31"]
[SourceQuality "1"]

1. Nf3 Nf6 2. b3 g6 3. Bb2 Bg7 4. e3 0-0 5. d4 d6 6. c4 Nbd7 7. Be2 e5 8. dxe5 Ng4 9. 0-0 Ngxe5 10. Nxe5 Nxe5 11. Qd2 Be6 12. Nc3 f5 13. Rac1 Qe7 14. Nd5 Qf7 15. Nf4 Kh8 16. Nxe6 Qxe6 17. Qd5 Qxd5 18. cxd5 Rf7 19. Rc2 Re8 20. Rfc1 Ree7 21. h3 g5 22. Bh5 1/2-1/2

[Event "LTU-ch Rapid"]
[Site "Taujenai"]
[Date "2022.12.03"]
[Round "2"]
[White "Laurusas, Tomas"]
[Black "Posaskov, Nikita"]
[Result "1-0"]
[WhiteElo "2491"]
[BlackElo "1919"]
[PlyCount "83"]
[EventDate "2022.12.03"]
[EventType "swiss (rapid)"]
[EventRounds "10"]
[EventCountry "LTU"]
[SourceTitle "CBM 211 Extra"]
[Source "ChessBase"]
[SourceDate "2023.01.31"]
[SourceVersion "1"]
[SourceVersionDate "2023.01.31"]
[SourceQuality "1"]

1. c4 Nf6 2. Nc3 e5 3. Nf3 Nc6 4. e3 d6 5. Be2 Be7 6. Qc2 Bg4 7. 0-0 0-0 8. a3 a5 9. b3 Re8 10. Bb2 Qd7 11. Rac1 Bf8 12. d3 d5 13. cxd5 Nxd5 14. Ne4 Rad8 15. Nc5 Bxc5 16. Qxc5 f6 17. Rfe1 Be6 18. Qc2 Qf7 19. Rb1 Nb6 20. Bc3 Bf5 21. Nd2 Qd7 22. Ne4 Nd5 23. Bd2 b6 24. Red1 Rc8 25. Be1 Kh8 26. h3 Qe6 27. Ng3 Bg6 28. Bg4 f5 29. Nxf5 Bxf5 30. Bxf5 Qxf5 31. Qxc6 Ne7 32. Qb5 Ng6 33. Rbc1 Qg5 34. Rc4 h5 35. Qc6 Rf8 36. Qe4 c5 37. b4 axb4 38. axb4 cxb4 39. Bxb4 Rfd8 40. Rdc1 Rxc4 41. Rxc4 Qf6 42. Rc6 1-0

[Event "LTU-ch Rapid"]
[Site "Taujenai"]
[Date "2022.12.03"]
[Round "5"]
[White "Posaskov, Nikita"]
[Black "Juknis, Paulius"]
[Result "1-0"]
[WhiteElo "1919"]
[BlackElo "2085"]
[PlyCount "67"]
[EventDate "2022.12.03"]
[EventType "swiss (rapid)"]
[EventRounds "10"]
[EventCountry "LTU"]
[SourceTitle "CBM 211 Extra"]
[Source "ChessBase"]
[SourceDate "2023.01.31"]
[SourceVersion "1"]
[SourceVersionDate "2023.01.31"]
[SourceQuality "1"]

1. Nf3 c5 2. g3 g6 3. Bg2 Bg7 4. 0-0 Nc6 5. e4 d6 6. c3 e5 7. d3 Nge7 8. Be3 0-0 9. Na3 h6 10. d4 exd4 11. cxd4 d5 12. exd5 Nxd5 13. Nc2 Nxe3 14. fxe3 Bf5 15. d5 Bxc2 16. Qxc2 Qxd5 17. Rfd1 Qh5 18. Rac1 b6 19. h3 Nb4 20. g4 Nxc2 21. Rxc2 Bd4 22. gxh5 Bxe3+ 23. Kf1 g5 24. Re2 Bf4 25. Ne5 Rae8 26. Ng4 Rxe2 27. Kxe2 Kg7 28. Rd7 Re8+ 29. Kf2 a5 30. Bd5 Rf8 31. Rb7 b5 32. Rxb5 Bb8 33. Rb7 Bd6 34. Kf3 1-0

[Event "Riga Tech Rapid op"]
[Site "Riga"]
[Date "2022.08.14"]
[Round "7"]
[White "Posaskov, Nikita"]
[Black "Aleksejevs, Daniils"]
[Result "1-0"]
[WhiteElo "1959"]
[BlackElo "1169"]
[PlyCount "73"]
[EventDate "2022.08.14"]
[EventType "swiss (rapid)"]
[EventRounds "9"]
[EventCountry "LAT"]
[SourceTitle "CBM 209 Extra"]
[Source "ChessBase"]
[SourceDate "2022.09.30"]
[SourceVersion "1"]
[SourceVersionDate "2022.09.30"]
[SourceQuality "1"]

1. d4 Nf6 2. c4 e6 3. Nf3 b6 4. a3 Bb7 5. Nc3 d6 6. Qc2 Be7 7. e4 Nbd7 8. Be2 0-0 9. 0-0 e5 10. d5 a5 11. Bd2 Nc5 12. b4 axb4 13. axb4 Ncd7 14. h3 Re8 15. Be3 Bf8 16. Bd3 Qe7 17. Nd2 h6 18. Nb3 Kh8 19. Nb5 Rec8 20. Rxa8 Bxa8 21. Ra1 Qd8 22. Ra7 Ne8 23. Nc3 Rb8 24. Ne2 Rb7 25. Ra1 Rb8 26. c5 bxc5 27. bxc5 Qc8 28. cxd6 Nxd6 29. Rc1 Qb7 30. Na5 Qb4 31. Qxc7 Rc8 32. Qxd7 Rxc1+ 33. Nxc1 Qxa5 34. Kh2 Kg8 35. Qa7 Qc3 36. Qxa8 Qxd3 37. Nxd3 1-0

[Event "LTU-ch U18"]
[Site "Kaunas"]
[Date "2022.02.17"]
[Round "2"]
[White "Raugevicius, Matas"]
[Black "Posaskov, Nikita"]
[Result "0-1"]
[WhiteElo "1514"]
[BlackElo "1864"]
[PlyCount "44"]
[EventDate "2022.02.16"]
[EventType "swiss"]
[EventRounds "7"]
[EventCountry "LTU"]
[SourceTitle "CBM 207 Extra"]
[Source "ChessBase"]
[SourceDate "2022.05.31"]
[SourceVersion "1"]
[SourceVersionDate "2022.05.31"]
[SourceQuality "1"]

1. e4 c5 2. Nf3 Nc6 3. Bb5 g6 4. 0-0 Bg7 5. Re1 e5 6. c3 Nge7 7. d3 0-0 8. Be3 d6 9. Bc4 h6 10. Qd2 Kh7 11. d4 cxd4 12. cxd4 f5 13. exf5 Nxf5 14. dxe5 Nxe3 15. Qxe3 Nxe5 16. Nxe5 Bxe5 17. Nc3 Qh4 18. g3 Qxc4 19. Rac1 Bd4 20. Ne4 Bxe3 21. Rxc4 Bb6 22. Rd1 d5 0-1

[Event "Bialystok Zamenhof Memorial 41st"]
[Site "Bialystok"]
[Date "2022.??.??"]
[Round "1"]
[White "Posaskov, Nikita"]
[Black "Vardanyan, Aras"]
[Result "1/2-1/2"]
[WhiteElo "2061"]
[BlackElo "2271"]
[PlyCount "184"]
[EventDate "2022.12.27"]
[EventType "swiss"]
[EventRounds "9"]
[EventCountry "POL"]
[SourceTitle "CBM 211 Extra"]
[Source "ChessBase"]
[SourceDate "2023.01.31"]
[SourceVersion "1"]
[SourceVersionDate "2023.01.31"]
[SourceQuality "1"]

1. e4 c6 2. Nf3 d5 3. Nc3 dxe4 4. Nxe4 Nf6 5. Qe2 Nxe4 6. Qxe4 Nd7 7. Bc4 Nf6 8. Qe2 Bf5 9. d4 e6 10. 0-0 Bd6 11. Bg5 0-0 12. Rfe1 Qc7 13. h3 Nd5 14. Nh4 Bh2+ 15. Kh1 Bf4 16. Bxf4 Nxf4 17. Qd2 Rad8 18. Nxf5 exf5 19. Qe3 g6 20. Rad1 b5 21. Bb3 a5 22. a4 bxa4 23. Bxa4 Ne6 24. Bb3 f4 25. Qe5 Qxe5 26. dxe5 Nc5 27. Bc4 a4 28. Rd6 Rxd6 29. exd6 Rd8 30. Re5 Nb7 31. Bxf7+ Kf8 32. Bc4 Nxd6 33. Bd3 Rb8 34. Ra5 Rb4 35. f3 Nb7 36. Ra8+ Ke7 37. c3 Rxb2 38. Rxa4 Nc5 39. Rd4 Rd2 40. Be4 Rxd4 41. cxd4 Ne6 42. Bxc6 Nxd4 43. Be4 Ne2 44. Bd3 Ng3+ 45. Kg1 Kf6 46. Kf2 Ke5 47. Bc2 Kd4 48. Bb3 g5 49. Bc2 h6 50. Bg6 Kc3 51. Ke1 Kd4 52. Kf2 Kc4 53. Ke1 Kc3 54. Kf2 Kd2 55. Be4 Ne2 56. Bd5 Nc3 57. Bb3 Ne2 58. Bc4 Nc1 59. Bb5 Nb3 60. Bc4 Nc5 61. Bb5 Nb7 62. Bc6 Nd6 63. Bd5 Nc8 64. Bc6 Nb6 65. Bb5 Nc8 66. Bc6 Nd6 67. Bd5 Kd3 68. Bc6 Kd4 69. Ke2 Nc4 70. Bd7 Ne3 71. Kf2 Kd3 72. Bb5+ Kd2 73. Ba4 Nc4 74. Bb5 Nb2 75. Be2 h5 76. Bb5 Nd1+ 77. Kf1 Ke3 78. Be8 h4 79. Ke1 Nf2 80. Bd7 Nd3+ 81. Kf1 Ne5 82. Be6 Nc6 83. Bd5 Nd4 84. Be4 Nb3 85. Ke1 Nd4 86. Bd5 Ne2 87. Bc6 Ng1 88. Bd5 Ne2 89. Bc6 Nd4 90. Bd5 Nc2+ 91. Kf1 Kd2 92. Kf2 Ne3 1/2-1/2